Online
Catalog

¿Destruirá el terrorismo al mundo? : (Record no. 49622)

MARC details
000 -CABECERA
campo de control de longitud fija 00992nam a2200241 a 4500
003 - IDENTIFICADOR DEL NÚMERO DE CONTROL
campo de control OSt
005 - FECHA Y HORA DE LA ÚLTIMA TRANSACCIÓN
campo de control 20251010121501.0
008 - DATOS DE LONGITUD FIJA--INFORMACIÓN GENERAL
campo de control de longitud fija 101012s2020 dr 000 0 spa d
020 ## - NÚMERO INTERNACIONAL ESTÁNDAR DEL LIBRO
Número Internacional Estándar del Libro 9789945807349
040 ## - FUENTE DE LA CATALOGACIÓN
Centro catalogador/agencia de origen DO-SdBNP
Lengua de catalogación spa
Centro/agencia transcriptor BNPHU
082 #4 - NÚMERO DE LA CLASIFICACIÓN DECIMAL DEWEY
Número de clasificación 303.625
Número de documento/Ítem V145d
Número de edición 22
100 1# - ENTRADA PRINCIPAL--NOMBRE DE PERSONA
Nombre de persona Valdez, Manuel
9 (RLIN) 46323
Fechas asociadas al nombre 1965-
245 13 - MENCIÓN DE TÍTULO
Título ¿Destruirá el terrorismo al mundo? :
Resto del título una cosmovisión de la geopolítica y de como el terrorismo y el crimen organizado amenazan la paz mundial, el orden internacional y la supervivencia del planeta /
Mención de responsabilidad, etc. Manuel Valdez.
260 ## - PUBLICACIÓN, DISTRIBUCIÓN, ETC.
Lugar de publicación, distribución, etc. Santo Domingo :
Nombre del editor, distribuidor, etc. MBC,
Fecha de publicación, distribución, etc. 2020.
300 ## - DESCRIPCIÓN FÍSICA
Extensión 247 p. ;
Otras características físicas il., fots., mapas,
Dimensiones 22 cm.
500 ## - NOTA GENERAL
Nota general Incluye datos biográficos del autor en la contracubierta
590 ## - NOTA LOCAL (RLIN)
Nota local Inventariado, 2021/ YL
590 ## - NOTA LOCAL (RLIN)
Nota local La biblioteca posee tres (3) ejemplares autografiados por el autor.
650 #0 - PUNTO DE ACCESO ADICIONAL DE MATERIA--TÉRMINO DE MATERIA
Término de materia o nombre geográfico como elemento de entrada Terrorismo
9 (RLIN) 3230
650 #0 - PUNTO DE ACCESO ADICIONAL DE MATERIA--TÉRMINO DE MATERIA
Término de materia o nombre geográfico como elemento de entrada Crimen organizado
9 (RLIN) 22377
910 ## - DATOS DE OPCIÓN DEL USUARIO (OCLC)
Datos de opción del usuario YLOCKWARD/Validado., Control de calidad MFF
942 ## - ELEMENTOS DE PUNTO DE ACCESO ADICIONAL (KOHA)
Fuente del sistema de clasificación o colocación Dewey Decimal Classification
Tipo de ítem Koha Libro
Holdings
Estado de retiro Estado de pérdida Fuente del sistema de clasificación o colocación Restricciones de uso No para préstamo Código de colección Localización permanente Ubicación/localización actual Ubicación en estantería Fecha de adquisición Fuente de adquisición Total de préstamos Signatura topográfica completa Código de barras Fecha visto por última vez Precio válido a partir de Tipo de ítem Koha Número de copia
    Dewey Decimal Classification Préstamo en sala   Dominicana de Servicio Biblioteca Nacional Pedro Henríquez Ureña Dominicana Depósito 17.09.2020 Manuel Valdez   BNPHU DS 303.625 V145d 2021-1012 18.03.2021 18.03.2021 Libro y Folleto Colección Dominicana de Servicio e. 3
    Dewey Decimal Classification Excluido de préstamo Excluido de préstamo Patrimonio Dominicano Biblioteca Nacional Pedro Henríquez Ureña Patrimonio Dominicano Depósito 17.09.2020 Manuel Valdez   BNPHU PD 303.625 V145d 2021-1010 18.03.2021 18.03.2021 Libro y Folleto Colección Patrimonio Dominicano  
    Dewey Decimal Classification Excluido de préstamo Préstamo restrigido Patrimonio Dominicano Biblioteca Nacional Pedro Henríquez Ureña Patrimonio Dominicano Depósito 17.09.2020 Manuel Valdez   BNPHU PD 303.625 V145d 2021-1011 18.03.2021 18.03.2021 Libro y Folleto Colección Patrimonio Dominicano e. 2

Powered by Koha